000 00269nam a2200109Ia 4500
008 200302s9999 xx 000 0 und d
100 _aManfred Maier
245 _aBasic Principles of Design 3
260 _bVan Nostrand Renhold Company
260 _c1977
300 _a104 P.,
999 _c106
_d106